القانون لغير القانونين : (Record no. 22268)
[ view plain ]
| 000 -الفاتح | |
|---|---|
| حقل البيانات ثابتة الطول | 01005nam a22002175a 4500 |
| 003 - محدد رقم الضبط | |
| رقم الضبط | OSt |
| 005 - وقت وتاريخ اخر تعامل مع التسجيلة | |
| رقم الضبط | 20160829120505.0 |
| 008 - عناصر البيانات ثابتة الطول - معلومات عامة | |
| حقل البيانات ثابتة الطول | 160829s2010 ua fr 000 0 ara d |
| 015 ## - | |
| -- | 2010/23501 |
| 040 ## - مصدر الفهرسة | |
| وكالة الفهرسة الأصلية | EG-ScBUE |
| لغة الفهرسة | ara |
| وكالة النسخ | EG-ScBUE |
| 082 04 - رقم تصنيف ديوى العشرى | |
| رقم التصنيف | 340.076 |
| رقم المادة | د ا ر |
| رقم الطبعة | 22 |
| 100 1# - المدخل الرئيسى - إسم شخصى | |
| الإسم الشخصى | الداروتي، منتصر. |
| 9 (RLIN) | 40955 |
| 245 14 - بيان العنوان | |
| العنوان | القانون لغير القانونين : |
| بقية العنوان | أكثر من 1000 معلومة قانونية مصاغة بطريقة سهلة تهمك في جميع مجالات الحياة / |
| بيان المسئوليه,etc | منتصر الداروتي. |
| 246 3# - العنوان الموازى | |
| عنوان صحيح/عنوان مختصر | القانون لغير القانونين : |
| بقية العنوان | أكثر من ألف معلومة قانونية مصاغة بطريقة سهلة تهمك في جميع مجالات الحياة |
| 260 ## - PUBLICATION, DISTRIBUTION, ETC. (IMPRINT) | |
| مكان الناشر او الموزع | [القاهرة] : |
| اسم الناشر او الموزع | منتصر الداروتي، |
| تاريخ النشر أو التوزيع | [2010] |
| 300 ## - الوصف المادى | |
| التعداد | 217 ص. ؛ |
| أبعاد الوعاء | 24 سم. |
| 650 #7 - المدخل الاضافى بالموضوع-مصطلح موضوعى | |
| مصطلح موضوعي أو اسم جغرافي كعنصر مدخل | القانون |
| التقسيم الفرعي الشكلي | اختبارات، أسئلة، إلخ. |
| مصدر الرأس أو المصطلح | BUEsh |
| 9 (RLIN) | 40956 |
| 651 ## - المدخل الاضافى بالموضوع - اسم جغرافى | |
| مصدر الرأس أو المصطلح | BUEsh |
| 653 ## - مصطلح تكشيفى غير مقيد | |
| Resource For college | Law |
| Arrived date list | August 2016 |
| 942 ## - عناصر المدخل الإضافي( كوها) | |
| مصدر التصنيف او مخطط الترفيف | Dewey Decimal Classification |
| حالة التراجع | حالة الفقد | مصدر التصنيف او خطة الترفيف | حالة تلف | ليس للاعارة | مجموعات كوها | المكان الدائم | المكان الحالي | موقع الترفيف | تاريخ الاكتساب | Source of acquisition | سعر الشراء الطبيعي | تعداد مسلسل / التسلسل الزمني | رقم الاستدعاء | الباركود | Date last seen | التكلفة | نوع الوعاء | مُعار |
|---|---|---|---|---|---|---|---|---|---|---|---|---|---|---|---|---|---|---|
| Dewey Decimal Classification | دار الفكر العربي | Central Library | Central Library | First floor | 29/08/2016 | Purchase | 56.00 | 15885 | 340.076 د ا ر | 000033404 | 15/07/2025 | 70.00 | Book - Borrowing | |||||
| Dewey Decimal Classification | دار الفكر العربي | Central Library | Central Library | First floor | 29/08/2016 | Purchase | 56.00 | 15885 | 340.076 د ا ر | 000033394 | 15/07/2025 | 70.00 | Book - Borrowing | 28/01/2019 |